Music Quiz

Random Music or Numbers Quiz

Songwriters with the Most #1 Hits Quiz Stats

 Plays Quiz Updated Jan 3, 2019

Also try: First Hit Song
Challenge
Share
Tweet
Embed
Score 0/33 Timer 08:00
3 Plays Today
#1 Hits Count Songwriter % Correct
26 (1964-1981)John Lennon
90.4%
32 (1964-1983)Paul McCartney
88.3%
10 (1986-2000)Madonna
78.9%
8 (1965-1978)Mick Jagger
63.4%
8 (2008-2014)Katy Perry
62.6%
16 (1971-1983)Barry Gibb
57.7%
13 (1971-1983)Robin Gibb
57.6%
11 (1975-1983)Maurice Gibb
57.5%
8 (1973-1997)Elton John
56.6%
10 (1979-1991)Michael Jackson
53.6%
8 (1986-2001)Janet Jackson
52.3%
8 (1965-1978)Keith Richards
49%
8 (1984-1990)George Michael
38.8%
17 (1990-2008)Mariah Carey
32.9%
8 (1961-1974)Carole King
29.3%
10 (1999-2008)Beyoncé Knowles
28.3%
10 (1970-1999)Stevie Wonder
25%
#1 Hits Count Songwriter % Correct
9 (1978-1985)Lionel Richie
20.6%
14 (1986-2001)James Harris III [Jimmy Jam]
18.4%
15 (1961-1987)Brian Holland
12.5%
13 (1964-1987)Eddie Holland
12.5%
14 (1964-1989)Lamont Dozier
12.3%
10 (1973-1997)Bernie Taupin
11%
19 (1999-2015)Max Martin
9%
9 (1987-1999)Diane Warren
6.8%
14 (1986-2001)Terry Lewis
6.5%
8 (1961-1985)Gerry Goffin
5.2%
8 (1964-1981)Jeff Barry
4.8%
15 (2007-2014)Lukasz Gottwald [Dr. Luke]
3.8%
10 (2006-2012)Mikkel S. Eriksen [Stargate]
2.1%
10 (2006-2012)Tor Erik Hermansen [Stargate]
2%
10 (1992-2005)Jermaine Dupri
1.9%
8 (1941-1947)Mack Gordon
1.4%

You're not logged in!

Compare scores with friends on all Sporcle quizzes.
OR
Log In

You Might Also Like...

Show Comments

Extras

Top Quizzes Today


Score Distribution

Your Account Isn't Verified!

In order to create a playlist on Sporcle, you need to verify the email address you used during registration. Go to your Sporcle Settings to finish the process.

Report this User

Report this user for behavior that violates our Community Guidelines.

Details: